000 00365pam a2200157a 44500
008 230515b1989 xxu||||| |||| 00| 0 eng d
020 _aNULL
041 _aENGLISH
082 _aN.D.
100 _aSrinath L. S
245 _aPERT& CPM Principles & Applicatioln
250 _a0
260 _aNULL
_bAffiliated East-East
_c1989
300 _a202
650 _aNULL
999 _c578315
_d578315